Normal view
MARC view
- السنهوري، عبد الرزاق أحمد
Entry Personal Name
001 - CONTROL NUMBER
- control field: 11640
003 - CONTROL NUMBER IDENTIFIER
- control field: JO-AjAnu
005 - DATE AND TIME OF LATEST TRANSACTION
- control field: 20230606072152.0
008 - FIXED-LENGTH DATA ELEMENTS
- fixed length control field: 230606|| aca||aabn | a|a d
040 ## - CATALOGING SOURCE
- Original cataloging agency: JO-AjAnu
- Transcribing agency: JO-AjAnu
100 ## - HEADING--PERSONAL NAME
- Personal name: السنهوري، عبد الرزاق أحمد
670 ## - SOURCE DATA FOUND
- Source citation: Work cat.: (JO-AjAnu)5997: السنهوري، عبد الرزاق أحمد , author, الوسيط في شرح القانون المدني الجديد : أسباب كسب الملكية مع الحقوق العينية الأصلية المتفرعة عن الملكية ( حق الانتفاع وحق الارتفاق)